Corruption in modern india : (Record no. 139172)
[ view plain ]
| 000 -LEADER | |
|---|---|
| fixed length control field | 00686nam a22001937a 4500 |
| 005 - DATE AND TIME OF LATEST TRANSACTION | |
| control field | 20170421121237.0 |
| 010 ## - LCCN (DPL NO) | |
| LC control number | ENG-117905 |
| 020 ## - INTERNATIONAL STANDARD BOOK NUMBER | |
| Terms of availability | 1380.00 |
| International Standard Book Number | 9788184845785 |
| 035 ## - SYSTEM CONTROL NUMBER | |
| System control number | EN-101437 |
| 037 ## - SOURCE OF ACQUISITION | |
| Source of stock number/acquisition | DBAD/PUB |
| 245 ## - TITLE STATEMENT | |
| Title | Corruption in modern india : |
| Statement of responsibility, etc | edited by Rahul S. Mhopare [and] Sanjay kumar |
| Remainder of title | roots, causes and remedies / |
| 260 ## - PUBLICATION, DISTRIBUTION, ETC. (IMPRINT) | |
| Place of publication, distribution, etc | New Delhi |
| Name of publisher, distributor, etc | Rahul Composers |
| Date of publication, distribution, etc | 2016 |
| 270 ## - ADDRESS | |
| Address | New Highway Apartments, Lakshmi Niwas 760,Pocket-D, Lok Nayak Puram, |
| City | New Delhi |
| Postal code | 110041 |
| 300 ## - PHYSICAL DESCRIPTION | |
| Extent | xxvii,315p.: |
| Dimensions | 22cm(Hb) |
| Other physical details | ill.(map) |
| 500 ## - GENERAL NOTE | |
| General note | includes index |
| 700 ## - ADDED ENTRY--PERSONAL NAME | |
| Personal name | Mhopare,Rahul S. |
| 700 ## - ADDED ENTRY--PERSONAL NAME | |
| Personal name | Sanjay Kumar |
| 942 ## - ADDED ENTRY ELEMENTS (KOHA) | |
| Source of classification or shelving scheme | Dewey Decimal Classification |
| Item type | English Books |
| Classification part | 364.13230954 |
| Call number suffix | COR |
| Withdrawn status | Lost status | Not for loan | Collection code | Home library | Current library | Date acquired | Source of acquisition | Cost, normal purchase price | Full call number | Barcode | Copy number | Cost, replacement price | Koha item type |
|---|---|---|---|---|---|---|---|---|---|---|---|---|---|
| Not For Loan | Non-fiction | D.B.Act.Division | Bawana | 21/04/2017 | DBAD/PUB. | 1380.00 | 364.13230954 COR | EN-101437 | 1 | 1380.00 | English Books |
